000 00299nam a2200133Ia 4500
008 191201s2012 xx 000 0 und d
100 _aGUILLEBEAU,Chris
245 4 _aThe $100 Startup
250 _aRep
260 _aNew Delhi
_bMacmillan
_c2012
300 _a285
650 _aMBA
942 _2ddc
_cBK
999 _c5566
_d5566